| 000 | 00435nam a2200145Ia 4500 | ||
|---|---|---|---|
| 008 | 231129s2005||||xx |||||||||||||| ||spa|| | ||
| 020 | _a84-261-3485-8 | ||
| 040 | _bspa | ||
| 082 | _a641.5 B516c | ||
| 100 | _aBermejo Pep | ||
| 245 | 0 | _aLa cocina a bordo y otros fogones: Curso de cocina para rancheros amateurs | |
| 260 | _c2005 | ||
| 264 | _aBarcelona EspaƱa : Juventud | ||
| 942 |
_2ddc _cBKS |
||
| 999 |
_c16666 _d16666 |
||